Organización escolar y gestión de centros educativos
Збережено в:
| Автор: | |
|---|---|
| Формат: | Книга |
| Мова: | Іспанська |
| Опубліковано: |
Málaga
Edicines Aljibe S.L
1997
|
| Редагування: | 1a. ed |
| Серія: | Biblioteca de Educación
|
| Предмети: | |
| Теги: |
Додати тег
Немає тегів, Будьте першим, хто поставить тег для цього запису!
|
MARC
| LEADER | 00000cam a2200000 a 4500 | ||
|---|---|---|---|
| 001 | UCC4836 | ||
| 003 | CL-VaPUC | ||
| 008 | 180831e19970000sp |||||||||||||||||spa|d | ||
| 020 | |a 8487767672 | ||
| 082 | 0 | 4 | |a 371.2 |b GAR |2 21 |
| 100 | |a García Requena, Filomena |e author |9 599037 | ||
| 245 | 1 | 0 | |a Organización escolar y gestión de centros educativos |
| 250 | |a 1a. ed | ||
| 300 | |a 279 p | ||
| 942 | |c BK | ||
| 945 | |d 20180831 12:04:00 |a dcastane | ||
| 260 | |a Málaga |b Edicines Aljibe S.L |c 1997 | ||
| 650 | 0 | |a Gestión educacional |9 261035 | |
| 650 | 0 | |a Administración de la enseñanza |9 261034 | |
| 650 | 0 | |a Planificación de la educación |9 307333 | |
| 650 | 0 | |a Currículo |9 307290 | |
| 583 | |a last modification |c 20190507 09:23:47 |k Rodrigo Vera | ||
| 490 | 0 | |a Biblioteca de Educación | |
| 999 | |c 372222 |d 372220 | ||